Sarvekshana : (Record no. 171852)
[ view plain ]
| 000 -LEADER | |
|---|---|
| fixed length control field | 00782nam a22001817a 4500 |
| 005 - DATE AND TIME OF LATEST TRANSACTION | |
| control field | 20200122121813.0 |
| 008 - FIXED-LENGTH DATA ELEMENTS--GENERAL INFORMATION | |
| fixed length control field | 200122b ||||| |||| 00| 0 eng d |
| 022 ## - INTERNATIONAL STANDARD SERIAL NUMBER | |
| International Standard Serial Number | 2249-197X |
| 082 ## - DEWEY DECIMAL CLASSIFICATION NUMBER | |
| Classification number | 315.4 |
| 110 ## - MAIN ENTRY--CORPORATE NAME | |
| Corporate name or jurisdiction name as entry element | National Sample Survey Organisation. |
| 245 ## - TITLE STATEMENT | |
| Title | Sarvekshana : |
| Remainder of title | journal of the National Sample Survey Organisation |
| 246 ## - VARYING FORM OF TITLE | |
| Title proper/short title | Sarvekṣaṇa : |
| Remainder of title | rāṣṭrīya pratidarīa sarvekṣaṇa saṃgaṭhana kī patrikā |
| 260 ## - PUBLICATION, DISTRIBUTION, ETC. (IMPRINT) | |
| Place of publication, distribution, etc | Delhi |
| Name of publisher, distributor, etc | Department of Statistics, Ministry of Planning & Programme Implementation, Government of India. |
| Date of publication, distribution, etc | 1985- |
| 300 ## - PHYSICAL DESCRIPTION | |
| Extent | v. |
| Dimensions | 29 cm. |
| 310 ## - CURRENT PUBLICATION FREQUENCY | |
| Current publication frequency | Bi-annually |
| 270 ## - ADDRESS | |
| Address | National Sample Survey Office, Sankhyiki Bhavan, Maharshi Valmiki Marg, CBD Shahdara |
| City | Delhi |
| Postal code | 110032 |
| 942 ## - ADDED ENTRY ELEMENTS (KOHA) | |
| Source of classification or shelving scheme | Dewey Decimal Classification |
| Item type | Periodicals |
| Classification part | 315.4 |
| Serial record | 1 |
No items available.
